000 00674cam a2200241 a 4500
001 1442148
005 20171215074537.0
008 850513s1985 nyua b 001 0 eng
010 _a 85011394
020 _a0582280044 (pbk.) :
_c$19.95
020 _a0582285410 (pbk. : cover) :
_c$19.95
040 _aDLC
_cDLC
_dDLC
041 _aeng
043 _ae------
_aff-----
_aaw-----
080 _a292.13 MAR
082 0 0 _a292.13 MAR
_219
100 1 _a21
101 _aGJU
245 1 0 _aClassical mythology /
_cMark P.O. Morford, Robert J. Lenardon.
504 _aBibliography: p. 541-544.
906 _a7
_bcbc
_corignew
_d1
_eocip
_f19
_gy-gencatlg
942 _2ddc
_cBK
999 _c39019
_d39019